|
|
|
|
| LEADER |
00000cam a22000004a 4500 |
| 001 |
musev2_8612 |
| 003 |
MdBmJHUP |
| 005 |
20230905040954.0 |
| 006 |
m o d |
| 007 |
cr||||||||nn|n |
| 008 |
050806s2006 wiu o 00 0 eng d |
| 010 |
|
|
|z 2005022818
|
| 020 |
|
|
|a 9780299216337
|
| 020 |
|
|
|z 9780299216344
|
| 020 |
|
|
|z 9780299216306
|
| 035 |
|
|
|a (OCoLC)646809517
|
| 040 |
|
|
|a MdBmJHUP
|c MdBmJHUP
|
| 043 |
|
|
|a e-ie---
|
| 050 |
0 |
4 |
|a PR6065.B7
|b Z96 2006
|
| 082 |
0 |
|
|a 823/.914
|2 22
|
| 245 |
0 |
0 |
|a Wild Colonial Girl :
|b Essays on Edna O'Brien /
|c edited by Lisa Colletta and Maureen O'Connor.
|
| 264 |
|
1 |
|a Madison :
|b University of Wisconsin Press,
|c 2006.
|
| 264 |
|
3 |
|a Baltimore, Md. :
|b Project MUSE,
|c 2012
|
| 264 |
|
4 |
|c ©2006.
|
| 300 |
|
|
|a 1 online resource (185 pages).
|
| 336 |
|
|
|a text
|b txt
|2 rdacontent
|
| 337 |
|
|
|a computer
|b c
|2 rdamedia
|
| 338 |
|
|
|a online resource
|b cr
|2 rdacarrier
|
| 504 |
|
|
|a Includes bibliographical references and index.
|
| 505 |
0 |
|
|a In the name of the mother : reading and revision in Edna O'Brien's Country girls trilogy and epilogue / Kristine Byron -- Hysterical hooliganism : O'Brien, Freud, Joyce / Helen Thompson -- Edna O'Brien's "love objects" / Rebecca Pelan -- Edna O'Brien and the lives of James Joyce / Michael Patrick Gillespie -- Godot land and its ghosts : the uncanny genre and gender of Edna O'Brien's "Sister Imelda" / Wanda Balzano -- Blurring boundaries, intersecting lives : history, gender, and violence in Edna O'Brien's House of splendid isolation / Danine Farquharson, Bernice Schrank -- On the side of life : Edna O'Brien's trilogy of contemporary Ireland / Sophia Hillan.
|
| 588 |
|
|
|a Description based on print version record.
|
| 600 |
1 |
0 |
|a O'Brien, Edna
|x Criticism and interpretation.
|
| 650 |
|
0 |
|a Irish in literature.
|
| 650 |
|
0 |
|a Women and literature
|z Ireland.
|
| 651 |
|
0 |
|a Ireland
|x In literature.
|
| 655 |
|
7 |
|a Electronic books.
|2 local
|
| 700 |
1 |
|
|a Colletta, Lisa.
|
| 700 |
1 |
|
|a O'Connor, Maureen,
|d 1960-
|
| 710 |
2 |
|
|a Project Muse.
|e distributor
|
| 830 |
|
0 |
|a Book collections on Project MUSE.
|
| 856 |
4 |
0 |
|z Texto completo
|u https://projectmuse.uam.elogim.com/book/8612/
|
| 945 |
|
|
|a Project MUSE - Custom Collection
|
| 945 |
|
|
|a Project MUSE - Archive Complete Foundation
|
| 945 |
|
|
|a Project MUSE - Archive Literature Foundation
|